000 00924nam a2200253 a 4500
001 BRCA_3657
005 20190320204354.0
008 211009s2001----gw-a---###---#000-0#ger-#
020 _a3894873876
041 _ager
044 _agw
050 4 _aDD397
_b.P74 2001
245 1 0 _aPreussen 1701
_bEine Europäische Geschichte : Katalog.
260 _aAlemania
_bHenschel
_c2001
300 _a350 p.
_bil. (algunas a color)
_c29 cm.
500 _aCatálogo de la exposición realizada Grossen Orangerie des Schlosses Charlottenburg (Berlin), 6 mayo - 5 agosto, 2001
500 _aIncluye índice analítico
500 _a2do. ejemplar en el Área de Investigación
546 _aTexto en: alemán
650 1 4 _aArte alemán
_vExposiciones
_zAlemania
_99479
651 4 _aPrusia (Alemania)
_vExposiciones
_xPolítica y gobierno
_99480
651 4 _aPrusia (Alemania)
_vExposiciones
_xVida intelectual
_99481
942 _2lcc
_cB
999 _c3389
_d3389